| 000 | 00685nam a2200241 i 4500 | ||
|---|---|---|---|
| 001 | bg | ||
| 100 | 1 | _aBODZIONY, Bogdan | |
| 245 | 1 | 0 |
_aPrawo budowlane - komentarz / _cBogdan Bodziony, Robert Dziwiński, Piotr Gniadzik. |
| 260 |
_aWarszawa : _bPolskie Centrum Budownictwa, _c1998. |
||
| 300 |
_a251, [1] s. ; _c24 cm. |
||
| 490 | 1 |
_aBudownictwo ; _v7 |
|
| 650 | 9 |
_aBudownictwo _xprawo _zPolska |
|
| 700 | 1 | _aDZIWIŃSKI, Robert | |
| 700 | 1 | _aGNIADZIK, Piotr | |
| 830 | _aBudownictwo ; | ||
| 020 | _a8387310352 | ||
| 040 | _cBPK | ||
| 041 | 0 | _apol | |
| 080 | _a349.442(438)(094.5.07) | ||
| 920 | _a83-87310-35-2 | ||
| 942 | _cKS | ||
| 008 | s pl f |000 0 pol | ||
| 999 |
_c33710 _d33710 |
||
| 856 |
_uhttp://koha.tu.koszalin.pl/cgi-bin/koha/opac-detail.pl?biblionumber=33710 _yKatalog online BPK |
||